|
|
|
|
| LEADER |
00692nab a2200181 i 4500 |
| 001 |
misc9868 |
| 005 |
20191106143350.0 |
| 008 |
170607s1918 hu o 0|| hun d |
| 022 |
|
|
|a 0025-0260
|
| 040 |
|
|
|a SZTE Miscellanea Repozitórium
|b hun
|
| 041 |
|
|
|a hun
|
| 100 |
1 |
|
|a Benisch Arthur
|
| 245 |
1 |
0 |
|a Válasz
|h [elektronikus dokumentum] /
|c Benisch Arthur
|
| 260 |
|
|
|c 1918
|
| 300 |
|
|
|a 136
|
| 490 |
0 |
|
|a Magyar pedagógia : a Magyar Tudományos Akadémia Pedagógiai Bizottságának folyóirata
|v 27
|
| 695 |
|
|
|a Közoktatás magyar 20. sz., Iskolatörténet magyar 20. sz., Középiskoláink területi eloszlása
|
| 856 |
4 |
0 |
|u http://misc.bibl.u-szeged.hu/9868/1/mp_1918_2597_136.pdf
|z Dokumentum-elérés
|